20 capitales du Monde au hasard - Statistiques

Statistiques générales
  • Ce quiz a été pris 927 fois
  • Le résultat moyen est 14 sur 20
Statistiques - réponses
Pays Capitale % Correct
Algérie Alger
100%
Turquie Ankara
100%
Colombie Bogotá
100%
Pérou Lima
100%
Portugal Lisbonne
100%
Philippines Manille
100%
Mexique Mexico
100%
Monaco Monaco
100%
Russie Moscou
100%
Norvège Oslo
100%
France Paris
100%
Chine Pékin
100%
Corée du Nord Pyongyang
100%
Suède Stockholm
100%
Japon Tokyo
100%
Belgique Bruxelles
96%
Espagne Madrid
96%
Pays-Bas Amsterdam
95%
Grèce Athènes
95%
Allemagne Berlin
95%
Liban Beyrouth
95%
Hongrie Budapest
95%
Malte La Valette
95%
Égypte Le Caire
95%
Royaume-Uni Londres
95%
Équateur Quito
95%
Italie Rome
95%
Corée du Sud Séoul
95%
Thaïlande Bangkok
94%
Suisse Berne
94%
Irlande Dublin
94%
Finlande Helsinki
94%
Israël Jérusalem
94%
Inde New Delhi
94%
Afrique du Sud Pretoria / Le Cap / Bloemfontein
94%
Albanie Tirana
94%
Pologne Varsovie
94%
Islande Reykjavik
93%
Bulgarie Sofia
93%
Ukraine Kiev
92%
Luxembourg Luxembourg
92%
République Tchèque Prague
92%
Maroc Rabat
92%
Vatican Vatican
92%
États-Unis Washington
92%
Danemark Copenhague
91%
Canada Ottawa
91%
Costa Rica San José
91%
Autriche Vienne
91%
Argentine Buenos Aires
90%
Sénégal Dakar
90%
Saint-Marin Saint-Marin
90%
Chili Santiago
90%
Brésil Brasilia
89%
Australie Canberra
89%
Venezuela Caracas
89%
Cuba La Havane
89%
Biélorussie Minsk
89%
Panama Panama
89%
Roumanie Bucarest
88%
Qatar Doha
88%
Singapour Singapour
88%
Serbie Belgrade
86%
Guatemala Guatemala
86%
Croatie Zagreb
86%
Djibouti Djibouti
85%
Afghanistan Kaboul
85%
Viêt Nam Hanoï
84%
Taïwan Taipei
84%
Uruguay Montevideo
83%
Mongolie Oulan-Bator
83%
Arménie Erevan
82%
Népal Katmandou
82%
Tunisie Tunis
82%
Arabie Saoudite Riyad
81%
Andorre Andorre-la- Vieille
80%
Chypre Nicosie
80%
République Dominicaine Saint-Domingue
80%
Bangladesh Dacca
79%
Burkina Faso Ouagadougou
79%
Monténégro Podgorica
79%
Iran Téhéran
79%
Libye Tripoli
79%
Cameroun Yaoundé
79%
Indonésie Jakarta
78%
Liechtenstein Vaduz
78%
Nouvelle-Zélande Wellington
78%
Irak Bagdad
76%
Jamaïque Kingston
76%
Angola Luanda
76%
Rép du Congo Brazzaville
75%
Slovénie Ljubljana
75%
Kosovo Pristina
75%
Syrie Damas
74%
Rép. Dém. du Congo Kinshasa
74%
Slovaquie Bratislava
73%
Malaisie Kuala Lumpur
73%
Moldavie Chișinău
72%
Madagascar Antananarivo
71%
Érythrée Asmara
71%
Kazakhstan Astana
71%
Bolivie La Paz / Sucre
71%
Salvador San Salvador
71%
Honduras Tegucigalpa
71%
Émirats Arabes Unis Abou Dabi
70%
Mali Bamako
70%
Kenya Nairobi
70%
Estonie Tallinn
70%
Rwanda Kigali
69%
Lituanie Vilnius
69%
Maldives Malé
68%
Yémen Sanaa
68%
Paraguay Asunción
67%
Guinée-Bissau Bissau
67%
Pakistan Islamabad
67%
Papouasie- Nouvelle-Guinée Port Moresby
67%
Sao Tomé-et- Principe Sao Tomé
67%
Belize Belmopan
65%
Ouzbékistan Tachkent
65%
Côte d'Ivoire Yamoussoukro
65%
Koweït Koweït
64%
Géorgie Tbilissi
64%
Éthiopie Addis-Abeba
63%
Azerbaïdjan Bakou
63%
Tanzanie Dodoma
63%
Mauritanie Nouakchott
63%
Cambodge Phnom Penh
63%
Haïti Port-au-Prince
63%
Lettonie Riga
63%
Macédoine du Nord Skopje
63%
Bosnie- Herzégovine Sarajevo
62%
Soudan du Sud Djouba
60%
Maurice Port-Louis
60%
Nicaragua Managua
59%
Kirghizistan Bichkek
58%
Guyana Georgetown
58%
Soudan Khartoum
58%
Cap-Vert Praia
58%
Bahamas Nassau
57%
Niger Niamey
57%
Gabon Libreville
56%
Togo Lomé
56%
Sainte-Lucie Castries
55%
Timor Oriental Dili
55%
Guinée Conakry
54%
Zimbabwe Harare
54%
Tchad Ndjamena
54%
Seychelles Victoria
54%
Jordanie Amman
53%
Tadjikistan Douchanbé
53%
République Centrafricaine Bangui
52%
Ghana Accra
50%
Turkménistan Achgabat
50%
Barbade Bridgetown
50%
Somalie Mogadiscio
50%
Namibie Windhoek
50%
Comores Moroni
48%
Gambie Banjul
47%
Oman Mascate
47%
Suriname Paramaribo
47%
Nigeria Abuja
46%
Brunei Bandar Seri Begawan
46%
Saint-Christophe- et-Niévès Basseterre
45%
Malawi Lilongwe
45%
Laos Vientiane
45%
Bahreïn Manama
44%
Bénin Porto-Novo
44%
Sierra Leone Freetown
43%
Îles Marshall Majuro
43%
Mozambique Maputo
43%
Birmanie Naypyidaw
43%
Grenade Saint George's
42%
Bhoutan Thimphou
41%
Ouganda Kampala
40%
Trinité-et-Tobago Port-d'Espagne
40%
Dominique Roseau
40%
Sri Lanka Sri Jayawardenapura Kotte
40%
États Fédérés de Micronésie Palikir
38%
Nauru Yaren
38%
Burundi Gitega
35%
Liberia Monrovia
35%
Kiribati Tarawa-Sud
35%
Botswana Gaborone
33%
Lesotho Maseru
33%
Eswatini Mbabane
33%
Tonga Nukuʻalofa
33%
Fidji Suva
32%
Guinée Équatoriale Malabo
31%
Antigua-et- Barbuda Saint John's
30%
Vanuatu Port-Vila
26%
Saint-Vincent-et- les-Grenadines Kingstown
25%
Tuvalu Funafuti
24%
Zambie Lusaka
22%
Îles Salomon Honiara
21%
Samoa Apia
17%
Palaos Ngerulmud
8%
Aucun quiz correspondant
Distribution des résultats
% des personnes avec chaque résultat
Percentile par nombre de réponses
Votre historique - résultats
Vous n’avez pas pris ce quiz